Dejad que Cristo os conduzca (Registro nro. 118982)

Detalles MARC
000 -LEADER
campo de control de longitud fija 00626nam a2200193 4500
001 - NÚMERO DE CONTROL
campo de control 118982
003 - IDENTIFICADOR DE NÚMERO DE CONTROL
campo de control ES-MaACL
005 - FECHA Y HORA DE LA ÚLTIMA TRANSACCIÓN
campo de control 20260217063013.0
007 - CAMPO FIJO DE DESCRIPCIÓN FÍSICA--INFORMACIÓN GENERAL
campo de control de longitud fija t|
008 - DATOS DE LONGITUD FIJA--INFORMACIÓN GENERAL
campo de control de longitud fija 070214s1967 sp r ||||1| spa d
100 0# - ENTRADA PRINCIPAL--NOMBRE DE PERSONA
Nombre de persona Peyriguere, Albert
9 (RLIN) 91602
245 10 - MENCIÓN DEL TÍTULO
Título Dejad que Cristo os conduzca
Resto del título : escritos espirituales /
Mención de responsabilidad, etc. Albert Peyriguere ; versión de Francisco José Alcántara.
250 ## - MENCION DE EDICION
Mención de edición 2ª. ed.
260 ## - PUBLICACIÓN, DISTRIBUCIÓN, ETC.
Lugar de publicación, distribución, etc. Barcelona :
Nombre del editor, distribuidor, etc. Nova Terra,
Fecha de publicación, distribución, etc. 1967.
300 ## - DESCRIPCIÓN FÍSICA
Extensión 180 p. ;
Dimensiones 20 cm.
700 1# - ENTRADA AGREGADA--NOMBRE PERSONAL
Nombre de persona Alcántara, Francisco José,
Fechas asociadas al nombre 1922-1999
9 (RLIN) 19493
852 ## - LOCALIZACIÓN
Ubicación ES-MaACL
Número de control de estantería C-33082
Sublocalización o colección R.63874
Existencias
Estatus retirado Estado de pérdida Estado de daño No para préstamo Biblioteca de origen Biblioteca actual Ubicación en estantería Fecha de adquisición Fuente de adquisición Total de préstamos Signatura topográfica completa Código de barras Visto por última vez Precio de reemplazo Tipo de ítem Koha
        Biblioteca del Ateneo de Madrid Biblioteca del Ateneo de Madrid Depósito 2 17/01/2008     C-33082 1124037 23/02/2023 23/02/2023 Libro impreso